|
|
|
|
| LEADER |
02601nem a2200613 a 4500 |
| 001 |
nkc20091853895 |
| 003 |
CZ PrNK |
| 005 |
20090617140102.0 |
| 007 |
aj canzn |
| 008 |
090202s2009 xr ag a 0 cze |
| 015 |
|
|
|a cnb001853895
|
| 020 |
|
|
|a 978-80-86782-81-2
|q (Geodézie On Line)
|
| 034 |
1 |
|
|a a
|b 25000
|
| 040 |
|
|
|a OLA001
|b cze
|d ABA001
|
| 041 |
0 |
|
|a cze
|a ger
|
| 043 |
|
|
|a e-gx---
|a e-xr---
|b e-xr-cc
|2 czenas
|
| 072 |
|
7 |
|a 913(4)
|x Geografie Evropy, reálie, cestování
|2 Konspekt
|9 7
|
| 080 |
|
|
|a 796.51
|2 MRF
|
| 080 |
|
|
|a 796.61
|2 MRF
|
| 080 |
|
|
|a 913(437.31-16)
|2 MRF
|
| 080 |
|
|
|a 913(430)
|2 MRF
|
| 080 |
|
|
|a 912.43:796.5
|2 MRF
|
| 080 |
|
|
|a 912.43:796.61
|2 MRF
|
| 080 |
|
|
|a (084.3)
|2 MRF
|
| 110 |
2 |
|
|a Geodézie On Line (firma)
|7 xx0008576
|
| 245 |
1 |
0 |
|a Labské pískovce
|h [kartografický dokument] :
|b NP České Švýcarsko : turistická a cykloturistická mapa = Elbsandsteingebirge : NP Sächsische Schweiz : Wander- und Radwanderkarte /
|c aktualizace a tvůrčí přepracování Geodézie On Line
|
| 246 |
1 |
|
|i Název v tiráži:
|a CHKO Labské pískovce, NP České Švýcarsko
|
| 246 |
3 |
0 |
|a NP České Švýcarsko
|
| 246 |
3 |
0 |
|a České Švýcarsko
|
| 246 |
3 |
1 |
|a Elbsandsteingebirge
|
| 246 |
3 |
1 |
|a NP Sächsische Schweiz
|
| 246 |
3 |
1 |
|a Sächsische Schweiz
|
| 250 |
|
|
|a 1. vyd.
|
| 255 |
|
|
|a Měřítko 1:25 000
|
| 260 |
|
|
|a Česká Lípa :
|b Geodézie On Line,
|c 2009
|
| 300 |
|
|
|a 1 mapa :
|b obě strany, barev. ;
|c 98 x 136 cm, na listu 99 x 69 cm, složeno na 19 x 12 cm, v plastovém pouzdře
|
| 490 |
1 |
|
|a Turistické a cykloturistické mapy 1:25 000
|
| 500 |
|
|
|a Mapový podklad Český úřad zeměměřický a katastrální
|
| 500 |
|
|
|a Vydáno pro Eurokart
|
| 546 |
|
|
|a Místní jména na mapě česky a částečně německy
|
| 650 |
0 |
7 |
|a pěší turistika
|7 ph124864
|z Česko
|2 czenas
|
| 650 |
0 |
7 |
|a cykloturistika
|7 ph114274
|z Česko
|2 czenas
|
| 651 |
|
7 |
|a Chráněná krajinná oblast Labské pískovce (Česko)
|7 ge128448
|2 czenas
|
| 651 |
|
7 |
|a Národní park České Švýcarsko (Česko)
|7 ge138023
|2 czenas
|
| 651 |
|
7 |
|a Národní park Saské Švýcarsko (Německo)
|7 ge138024
|2 czenas
|
| 655 |
|
7 |
|a turistické mapy
|7 fd133737
|2 czenas
|
| 655 |
|
7 |
|a cykloturistické mapy
|7 fd131996
|2 czenas
|
| 710 |
2 |
|
|a Český úřad zeměměřický a katastrální
|7 mzk2004217229
|
| 830 |
|
0 |
|a Turistické a cykloturistické mapy 1:25 000
|
| 910 |
2 |
|
|a BOA001
|b Mp2-1224.423
|
| 990 |
|
|
|a MP
|
| 995 |
|
|
|a 01
|
| 991 |
|
|
|b 200906
|c NOV
|
| 996 |
6 |
|
|b 2610379793
|c Mp2-1224.423
|l MZK
|r Sklad / do 1 hodiny
|n 0
|p p.v.
|w 000928830
|u 000010
|a 1
|e BOA001
|j MZK50
|s P
|